| 000 | 00423nam a22001697a 4500 | ||
|---|---|---|---|
| 003 | NUST - PNEC | ||
| 005 | 20170116181021.0 | ||
| 008 | 150915b xxu||||| |||| 00| 0 eng d | ||
| 020 | _a0471597244 | ||
| 040 | _cLIBRARY | ||
| 082 | _a621.433 WEB | ||
| 100 |
_910684 _aWeber, Helmut E. |
||
| 245 |
_aShock wave engine design _cHelmut E. Weber |
||
| 260 | _cc.1995 | ||
| 650 |
_910687 _aShock waves _xME |
||
| 942 |
_2ddc _cBK |
||
| 999 |
_c67424 _d67424 |
||